000 00519nam a22001697a 4500
005 20231117064500.0
008 231117b |||||||| |||| 00| 0 eng d
020 _a0406225001
041 _aEnglish
082 _a343.8 HEY
100 _aHeydon, JD
_lEnglish
245 _aThe Restraing of Trade Doctrine /
_cJD Heydon
260 _aLondon :
_bButterworth Publishers (Pty) Ltd,
_c1971
300 _blxiii, 315 pages ;
_c23 cm.
650 _aLegal practice
_bLaw
942 _cBK
_6ALISON_BN_VRIES
999 _c750
_d750